| 000 | 02566nam a22003137a 4500 | ||
|---|---|---|---|
| 999 |
_c57101 _d57101 |
||
| 003 | Ge_BSU | ||
| 005 | 20250327124324.0 | ||
| 008 | 191119s2019 ge ||||| |||| 00| 0 geo d | ||
| 020 | _a9789941165580 | ||
| 041 |
_ageo _heng |
||
| 080 | _a572+39+811 ე-78 | ||
| 100 |
_aერიქსენი,თომას ჰილანდ _95423 |
||
| 245 |
_aმცირე ადგილები, ვრცელი საკითხები : _bშესავალი სოციალურ და კულტურულ ანთროპოლოგიაში = Small Places,Large Issues:An Introduction to social and Cultural Anthropology / _cთომას ჰილანდ ერიქსენი ; ქართულ ენაზე თარგმნეს : ლია დავითაძემ და რუსლან ბარამიძემ ; მთ. რედ.რუსლან ბარამიძე ; რედ : თამთა ხალვაში, ლია დავითაძე. |
||
| 250 | _aმე-4 გამოცემა | ||
| 264 |
_aთბილისი : _b საქართველოს მაცნე, _c2018. |
||
| 300 |
_a434 გვ. ; _c24 სმ. |
||
| 500 | _aყდაზე: შოთა გუჯაბიძის ფოტო "ალი და ნინოს" გადამუშავებული ვერსია. | ||
| 501 | _aსაძიებელი: გვ. 417-430. | ||
| 504 | _aბიბლიოგრაფია: გვ. 396-416. | ||
| 653 | _aსოციალური ანთროპოლოგია | ||
| 653 | _aკულტურული ანთროპოლოგია | ||
| 700 |
_aდავითაძე, ლია _eმთარგმნელი _95424 |
||
| 700 |
_a ბარამიძე, რუსლან _eმთარგმნელი _95425 |
||
| 700 |
_aბარამიძე, რუსლან _eმთავარი რედაქტორი _95426 |
||
| 700 |
_aხალვაში, თამთა _eრედაქტორი _95427 |
||
| 700 |
_aდავითაძე, ლია _eრედაქტორი _95424 |
||
| 710 |
_eწიგნი ითარგმნა აჭარის ა.რ. განათლების, კულტურისა და სპორტის სამინისტროს უმაღლესი განათლების ხელშეწყობის პროგრამის ფარგლებში. _95428 |
||
| 942 |
_2udc _cBK |
||